• 首页
  • 本馆介绍
  • 公告通知
  • 最新文献
  • 馆藏检索
  • 电子资源
  • 读者导购
  • 参考咨询
  • 我的图书馆
  • 登录
  • 详细信息显示
  • 放入我的书架
  • 预约/预借图书
  • 作者相关作品
  • 分类相关作品
  • 丛书相关作品
  • 出版社相关作品

书目信息

  • 表格格式
  • 工作单格式
  • 卡片格式
题名:
个性动力论
    
 
作者: 莱温 著 ;何道宽 译
分册:  
出版信息: 北京   中国传媒大学出版社  2016
页数: 608页
开本: 21cm
丛书名: 新闻学与传播学经典丛书
单 册:
中图分类: B841.4
科图分类:
主题词: 实验心理学--shi yan xin li xue--中文--英文
电子资源:
ISBN: 978-7-5657-1758-1
000 01168nam0 22002891 450
001 387726
005 20170502165528.0
010    @a978-7-5657-1758-1@dCNY78.00
100    @a20161207d2016 em y0chiy50 ea
101 2  @achi@ceng
102    @aCN@b110000
105    @aa z 001yy
106    @ar
200 1  @a个性动力论@9ge xing dong li lun@dA dynamic theory of personality@e中文·英文(双语版)@f(美)库尔特·卢因著@g何道宽译@zeng
210    @a北京@c中国传媒大学出版社@d2016
215    @a608页@c图@d21cm
225 2  @a新闻学与传播学经典丛书@9xin wen xue yu chuan bo xue jing dian cong shu@i大师系列
300    @a司马兰工作室 082
330    @a本书共八章,内容包括:论心理结构、环境在儿童行为及发展中的作用、奖励和惩罚的心理情境、为现实服务的教育、替代活动和替代价值、低能的动力学理论、实验研究概述等。
461  0 @12001 @a新闻学与传播学经典丛书
510 1  @aDynamic theory of personality@zeng
606 0  @a实验心理学@9shi yan xin li xue@j中文@j英文
690    @aB841.4@v5
701  0 @c(德)@a莱温@9lai wen@c(Lewin, Kurt@f1890~1947)@4著
702  0 @a何道宽@9he dao kuan@f(1942~)@4译
801  0 @aCN@b百万庄@c20170308
905    @b1003612-7@dB841.4@e1671@f6
    
    个性动力论=A dynamic theory of personality:中文·英文(双语版)/(美)库尔特·卢因著/何道宽译.-北京:中国传媒大学出版社,2016
    608页:图;21cm.-(新闻学与传播学经典丛书.大师系列)
    司马兰工作室 082
    
    ISBN 978-7-5657-1758-1:CNY78.00
    本书共八章,内容包括:论心理结构、环境在儿童行为及发展中的作用、奖励和惩罚的心理情境、为现实服务的教育、替代活动和替代价值、低能的动力学理论、实验研究概述等。
●
相关链接 在E读中查询图书 在五车中查询图书 在当当中查询图书 在豆瓣中查询图书


正题名:个性动力论     索取号:B841.4/1671         预约/预借

序号 登录号 条形码 馆藏地/架位号 状态 备注
1 1003612   210036129   第一样本阅览室/ [索取号:B841.4/1671] 在馆    
2 1003613   210036138   教育系资料室/ [索取号:B841.4/1671] 在馆    
3 1003614   210036147   教育系资料室/ [索取号:B841.4/1671] 在馆    
4 1003615   210036156   教育系资料室/ [索取号:B841.4/1671] 在馆    
5 1003616   210036165   第一借阅区/ [索取号:B841.4/1671] 在馆    
6 1003617   210036174   第一借阅区/ [索取号:B841.4/1671] 在馆    
唐山师范学院图书馆 欢迎您!
大连网信软件有限公司© 版权所有